000 00503nam a22001811a 4500
001 11482
003 OSt
005 20260204212244.0
008 121116s2005||||ck ||||||b||||||||||spa||
050 _a636.01 O8m
100 _aOsorio Díaz, Doris Liliana
245 _aManual de costrucciones agropecuarias / Doris Liliana Osorio Díaz
264 _aColombia: Latino
300 _a63 p
490 _aColección, volvemos al campo
650 _aRanchos y hacienda - ConstruccionesÌ
942 _2ddc
_cBK
999 _c11482
_d11482